000 00696nam a2200253 i 4500
001 C2-0130868
003 PPAK
005 20180727122013.0
008 971007s1994 my |||| ||||| | eng d
020 _a9622380557
040 _aPPAK
_beng
_cPPAK
_erda
082 0 4 _a398.2
_223
090 0 0 _a398.2
_bLIU
_dK
245 0 0 _aLiu Ho tries to fill the river
264 1 _aKuala Lumpur :
_bS. Abdul Majeed ,
_c1994
300 _a168 pages ;
_c25 cm
336 _2rdacontent
_atext
337 _2rdamedia
_aunmediated
338 _2rdacarrier
_avolume
490 1 _aTreasured Chinese folk tales
650 1 0 _aFolk literature, English
830 0 _aTreasured Chinese folk tales
942 _ddc
_cB
999 _c40321
_d40321